| 000 | 00404nam a22001577a 4500 | ||
|---|---|---|---|
| 005 | 20180813141804.0 | ||
| 008 | 160523b xxu||||| |||| 00| 0 eng d | ||
| 041 | _aeng | ||
| 082 |
_b4165 _a658.32 |
||
| 100 |
_aChhabbra, T.N. and Rastogi, Savita _94787 |
||
| 245 | _aCompensation Management | ||
| 260 |
_aNew Delhi _bAcademic Faundation |
||
| 300 | _a22.32p, | ||
| 650 |
_aManagement _9241 |
||
| 942 | _cBK | ||
| 999 |
_c1401 _d1401 |
||